1d and 2d coupled hydrodynamic model of nullah lai flooding using saint -venant equations / (Record no. 533579)

000 -LEADER
fixed length control field 00559nam a22001577a 4500
020 ## - INTERNATIONAL STANDARD BOOK NUMBER
Qualifying information Hard Cover.
082 ## - DEWEY DECIMAL CLASSIFICATION NUMBER
Classification number 628.142
100 ## - MAIN ENTRY--PERSONAL NAME
Personal name Mirza, Farman Ali
245 ## - TITLE STATEMENT
Title 1d and 2d coupled hydrodynamic model of nullah lai flooding using saint -venant equations /
Statement of responsibility, etc. Farhan Ali Mirza.
260 ## - PUBLICATION, DISTRIBUTION, ETC.
Place of publication, distribution, etc. Islamabad:
Name of publisher, distributor, etc. SCEE - NUST,
Date of publication, distribution, etc. 2016.
300 ## - PHYSICAL DESCRIPTION
Extent 48 p. :
Other physical details ill. ;
Dimensions 30cm.
942 ## - ADDED ENTRY ELEMENTS (KOHA)
Source of classification or shelving scheme
Koha item type Thesis
650 ## - SUBJECT ADDED ENTRY--TOPICAL TERM
Topical term or geographic name entry element Water Resource Engineering and Management MS-Thesis.
700 ## - ADDED ENTRY--PERSONAL NAME
Personal name Dr. Sajjad Haider
650 ## - SUBJECT ADDED ENTRY--TOPICAL TERM
-- 27179
700 ## - ADDED ENTRY--PERSONAL NAME
-- 16307
Holdings
Withdrawn status Lost status Source of classification or shelving scheme Damaged status Not for loan Permanent Location Current Location Shelving location Date acquired Total Checkouts Full call number Barcode Date last seen Price effective from Koha item type
          Central Library (CL) Central Library (CL) Thesis 01/14/2020   628.142 CL-T-4610 01/14/2020 01/14/2020 Thesis
© 2023 Central Library, National University of Sciences and Technology. All Rights Reserved.